Ranger, 1619 : a new almanacke and prognostication, for the yeare of our Redemption, 1619, being the yere of the worlds creation, 5581, and the third from the leape-yeare : calculated and composed according to art, and referred to the parallel and meridian of the honourable citie of York, where the pole is mounted aboue the horizon 54. degrees 20. min, and may serue without sensible error all the parts of Great Britaine which lye betwixt the riuers of Trent and Tweed /

Bibliographic Details
Main Author: Ranger, Philip, fl. 1615-1631
Format: eBook
Language:English
Published: London : Printed for the Company of Stationers, [1619]
Series:Early English books online.
Subjects:
Online Access:Connect to the full text of this electronic book

MARC

Tag First Indicator Second Indicator Subfields
LEADER 00000nam a2200000Ia 4500
001 in00004205708
005 20200806091037.0
006 m g d
007 cr bn |||a|bb|
008 900712s1619 enka o 00| | eng d
035 |a (OCoLC)21995226 
040 |a EBL  |c EBL  |d WaOLN 
037 |a CL0036000052  |b ProQuest. 789 E. Eisenhower Parkway, Ann Arbor, MI 48108-3218 
043 |a e-uk--- 
090 |a AY751  |b .R36 1619 
049 |a UMIA 
100 1 |a Ranger, Philip,  |d fl. 1615-1631. 
245 1 0 |a Ranger, 1619 :  |b a new almanacke and prognostication, for the yeare of our Redemption, 1619, being the yere of the worlds creation, 5581, and the third from the leape-yeare : calculated and composed according to art, and referred to the parallel and meridian of the honourable citie of York, where the pole is mounted aboue the horizon 54. degrees 20. min, and may serue without sensible error all the parts of Great Britaine which lye betwixt the riuers of Trent and Tweed /  |c by Phillip Ranger, Gent. and student in the arts mathematicall. 
260 |a London :  |b Printed for the Company of Stationers,  |c [1619] 
300 |a 1 online resource ([40] pages :  |b 1 illustrations. 
336 |a text  |b txt  |2 rdacontent 
337 |a computer  |b c  |2 rdamedia 
338 |a online resource  |b cr  |2 rdacarrier 
500 |a "Prognostication" has special t.p. 
500 |a Signatures: [A]⁸ B⁸ C⁴. 
500 |a Title within ornamental border. 
500 |a Reproduction of original in the Bodleian Library. 
510 4 |a STC (2nd edition)  |c 502.5 
533 |a Electronic reproduction.  |b Ann Arbor, Mich. :  |c UMI,  |d 1999-  |f (Early English books online)  |n Digital version of: (Early English books, 1475-1640 ; 1761:57)  |7 s1999 miun s 
650 0 |a Almanacs, English. 
650 0 |a Astrology  |v Early works to 1800. 
650 0 |a Ephemerides  |v Early works to 1800. 
740 0 |a New almanacke and prognostication, for the yeare of our Redemption, 1619. 
830 0 |a Early English books online. 
856 4 0 |u http://proxy.library.tamu.edu/login?url=https://search.proquest.com/docview/2240935079  |z Connect to the full text of this electronic book  |t 0 
999 f f |s aad40a0a-1e50-3a2f-ba13-c8d0a093e9fb  |i 6dc3ab4c-e8d2-30a8-bc34-dfb5b4014b41  |t 0 
952 f f |a Texas A&M University  |b College Station  |c Electronic Resources  |d Available Online  |t 0  |e AY751 .R36 1619  |h Library of Congress classification 
998 f f |a AY751 .R36 1619  |t 0  |l Available Online